Hà Nội ca dao - ngạn ngữ /
Saved in:
| Other Authors: | |
|---|---|
| Format: | Book (Paper) |
| Language: | Vietnamese |
| Published: |
H. :
Quân đội Nhân dân,
2010.
|
| Series: | Thăng Long - Hà Nội ngàn năm văn hiến.
|
| Subjects: | |
| Tags: |
Add Tag
No Tags, Be the first to tag this record!
|
| Institutions: | Thư viện Trường Đại học Đà Lạt |
|---|
| LEADER | 00849nam a2200325 4500 | ||
|---|---|---|---|
| 001 | DLU130149152 | ||
| 005 | ##20130729 | ||
| 040 | # | # | |a DLU |b vie |
| 041 | # | # | |a vie |
| 044 | # | # | |a vn |
| 082 | # | # | |a 398.209 597 31 |b Han |
| 245 | # | # | |a Hà Nội ca dao - ngạn ngữ / |c Giang Quân biên soạn. |
| 260 | # | # | |a H. : |b Quân đội Nhân dân, |c 2010. |
| 300 | # | # | |a 267 tr. ; |c 21 cm. |
| 490 | # | # | |a Thăng Long - Hà Nội ngàn năm văn hiến. |
| 504 | # | # | |a Tài liệu tham khảo: tr.263. |
| 650 | # | # | |a Ca dao Việt Nam. |
| 650 | # | # | |a Tục ngữ Việt Nam. |
| 700 | # | # | |a Giang Quân, |e biên soạn. |
| 923 | # | # | |a 02/2013 |
| 991 | # | # | |a SH |
| 992 | # | # | |a 43000 |
| 994 | # | # | |a DLU |
| 900 | # | # | |a True |
| 911 | # | # | |a Đào Thị Thu Huyền |
| 925 | # | # | |a G |
| 926 | # | # | |a A |
| 927 | # | # | |a SH |
| 980 | # | # | |a Thư viện Trường Đại học Đà Lạt |